| 000 | 00468nam a22001937a 4500 | ||
|---|---|---|---|
| 003 | MPLRDC | ||
| 005 | 20220104114422.0 | ||
| 008 | 210129b ||||| |||| 00| 0 eng d | ||
| 020 | _a957-757-204-9 | ||
| 082 | _a857.9 LL v.1 | ||
| 100 | _a兰立 | ||
| 245 |
_a吞天铁血旗(一) _c |
||
| 250 | _a第一版 | ||
| 260 |
_a台湾 _b大梁出版社 _c1997 |
||
| 300 | _b305 | ||
| 490 | _a名家侠义系列: 44 | ||
| 650 | _a武侠小说 | ||
| 942 |
_cBK _o857.9 LL v.1 |
||
| 999 |
_c7312 _d7302 |
||